000 00888nam a22002057a 4500
010 _a1617CH-EN
020 _a9780141363936
_c599.00 pbk
035 _aB-645693-714
035 _aB-666180
037 _aDPL
_bPragati/ven
082 _aS
100 _aRiordan, Rick
245 _aThe trials of apollo :
_cby Rick Riodan
_bthe hidden oracle /
260 _aGurgaon
_bPuffin Books
_c2016
270 _a7th Floor, Infinity Tower C, DLF Cyber City,
_bGurgaon
_e122002
300 _a417p.
_c24cm(pbk)
942 _2ddc
_cCH
_mRIO
_hS
999 _c100632
_d100632